|
|
|
|
| LEADER |
01066nam a22002537a 4500 |
| 001 |
34046 |
| 003 |
BD-DhAAL |
| 005 |
20250623143720.0 |
| 008 |
181213t2018 bg a|||| |||| 00| 0 ben d |
| 020 |
|
|
|a 9789844325838
|
| 040 |
|
|
|a BD-DhAAL
|d BD-DhAAL
|
| 041 |
|
|
|a ben
|a eng
|
| 082 |
|
|
|a 954.9205
|2 22
|
| 100 |
|
|
|a চৌধুরী, হারুন.
|9 29149
|
| 245 |
|
|
|a আমার মুক্তিযুদ্ধ আমার অহংকার ১৯৭১ /
|c হারুন চৌধুরী.
|
| 260 |
|
|
|a ঢাকা :
|b অনন্যা,
|c ২০১৮.
|
| 300 |
|
|
|a ১৬৭ পৃষ্ঠা :
|b চিত্র ;
|c ২১ সে. মি.
|
| 526 |
|
|
|a AAL
|
| 541 |
|
|
|a Development Book Agency
|e 34046
|
| 651 |
|
|
|a Bangladesh
|x History
|y Revolution, 1971.
|9 52079
|
| 852 |
|
|
|a Ayesha Abed Library
|c Bangabandhu Corner
|
| 942 |
|
|
|2 ddc
|c BK
|
| 999 |
|
|
|c 40350
|d 40350
|
| 952 |
|
|
|0 0
|1 0
|2 ddc
|4 0
|6 954_920500000000000_CHO
|7 0
|9 64807
|a BRACUL
|b BRACUL
|c BNC
|d 2018-12-13
|e Development Book Agency
|g 247.50
|l 0
|o 954.9205 CHO
|p 3010034046
|r 2018-12-13
|t 1
|v 275.50
|w 2018-12-06
|y BK
|